| 000 | 01373nam a2200325Ia 4500 | ||
|---|---|---|---|
| 001 | ebr10286144 | ||
| 003 | CaPaEBR | ||
| 006 | m u | ||
| 007 | cr cn||||||||| | ||
| 008 | 920121s1997 iluab s 000 0 eng d | ||
| 020 | _z0226114430 | ||
| 020 | _z0226114449 | ||
| 020 | _z9780226114446 | ||
| 040 |
_aCaPaEBR _cCaPaEBR |
||
| 035 | _a(OCoLC)646808757 | ||
| 050 | 1 | 4 |
_aDT1058.T78 _bC662 1997eb |
| 100 | 1 | _aComaroff, Jean. | |
| 245 | 1 | 0 |
_aOf revelation and revolution. _nVolume two, _pThe dialectics of modernity on a South African frontier _h[electronic resource] / _cJean Comaroff and John Comaroff. |
| 260 |
_aChicago ; _aLondon : _bUniversity of Chicago Press, _c1997. |
||
| 300 |
_axxiii, 588 p. : _bill., maps. |
||
| 533 |
_aElectronic reproduction. _bPalo Alto, Calif. : _cebrary, _d2013. _nAvailable via World Wide Web. _nAccess may be limited to ebrary affiliated libraries. |
||
| 610 | 2 | 0 |
_aLondon Missionary Society _xMissions _zSouth Africa. |
| 610 | 2 | 0 |
_aWesleyan Methodist Missionary Society _xMissions _zSouth Africa. |
| 651 | 0 |
_aSouth Africa _xHistory. |
|
| 651 | 0 |
_aGreat Britain _xColonies _zAfrica. |
|
| 655 | 7 |
_aElectronic books. _2local |
|
| 700 | 1 |
_aComaroff, John L., _d1945- |
|
| 710 | 2 | _aebrary, Inc. | |
| 856 | 4 | 0 |
_uhttp://site.ebrary.com/lib/rucke/Doc?id=10286144 _zAn electronic book accessible through the World Wide Web; click to view |
| 999 |
_c17029 _d17029 |
||